[Event "Olympiad-45"]
[Site "Budapest"]
[Date "2024.09.15"]
[Round "5.79"]
[White "Mahor Jr, Manuel"]
[Black "Daniel, Cyrus"]
[Result "1/2-1/2"]
[WhiteElo "1759"]
[BlackElo "1759"]
[PlyCount "76"]
[EventDate "2024.09.11"]
[EventType "team-swiss"]
[EventRounds "11"]
[EventCountry "HUN"]
[SourceTitle "EXT 2025"]
[Source "ChessBase"]
[SourceDate "2024.10.14"]
[SourceVersion "1"]
[SourceVersionDate "2024.10.14"]
[SourceQuality "1"]
[WhiteTeam "Palau"]
[BlackTeam "Santa Lucia"]
[WhiteTeamCountry "PAL"]
[BlackTeamCountry "SLU"]

1. d4 d5 2. Nf3 Nf6 3. Bf4 c5 4. e3 Nc6 5. c3 Qb6 6. Qc1 Bf5 7. Nbd2 e6 8. Nh4 cxd4 9. exd4 Rc8 10. Nxf5 exf5 11. Nb3 Be7 12. Bd3 g6 13. 0-0 0-0 14. h3 Rfe8 15. Re1 Bf8 16. Bg5 Rxe1+ 17. Qxe1 Re8 18. Qd2 Ne4 19. Bxe4 fxe4 20. Re1 Nd8 21. Bxd8 Qxd8 22. f3 exf3 23. Rxe8 Qxe8 24. gxf3 Qe6 25. Kg2 Qf5 26. Nc5 Bd6 27. Nd3 g5 28. Qe3 Kg7 29. b3 b5 30. b4 h6 31. a3 Kf8 32. h4 Kg7 33. hxg5 hxg5 34. Ne5 Qc2+ 35. Kh3 Qf5+ 36. Kg2 Qc2+ 37. Kh3 Qf5+ 38. Kg2 Qc2+ 1/2-1/2